How Many Halloween Candies Can You Name? - Statistics

General Stats
  • This quiz has been taken 492 times
    481 since last reset
  • The average score is 18 of 86
Answer Stats
Answer % Correct
Snickers
79%
M&Ms
71%
Skittles
70%
Kit Kat
68%
MilkyWay
67%
Twix
64%
Hersheys
62%
Candy Corn
60%
Sour Patch Kids
47%
Almond Joy
46%
Nerds
46%
StarBurst
45%
Butter Finger
44%
Smarties
44%
Reeses Pieces
43%
Jolly Rancher
39%
3 Musketeers
38%
Crunch
38%
Gummy Bears
35%
Tootsie Rolls
35%
Mounds
33%
Milk Duds
32%
Dots
31%
Laffy Taffy
29%
Dum Dums
28%
Pop
27%
Air Heads
26%
Reeses Cups
26%
Swedish Fish
25%
Whoppers
24%
Lemon Heads
23%
Mike and Ike
23%
100 Grand
22%
War Heads
21%
Life Savers
20%
Tootsie Pops
20%
Generic Chocolate
19%
Mars Bar
18%
Dubble Bubble
17%
Hot Tamales
17%
Jelly Beans
17%
Peanut M&Ms
17%
Gobstoppers
15%
Pop Rocks
14%
Junior Mints
13%
Ring Pop
13%
SweeTarts
13%
Jaw Breakers
12%
Marshmallows
12%
Caramel Apples
11%
Runts
11%
Aero
9%
Chips
8%
Tic Tacs
8%
Twizlers
8%
Coffee Crisp
7%
Fruit Snacks
7%
Oh Henry
7%
PEZ
7%
Raisinets
7%
Toblerone
6%
Candy Pumpkins
5%
Fuzzy Peaches
5%
Caramilk
4%
Chiclets
4%
Gumballs
4%
Mr.Big
4%
Pixy Stix
4%
Rockets
4%
Swedish Berries
4%
Wunder Bar
4%
Candy Bracelet
3%
Candy Cigarettes
3%
Caramel Squares
3%
CrispyCrunch
3%
Crunchie
3%
Candy Blood
2%
Chocolate Coins
2%
Gummy Fangs
2%
Nibs
2%
Razor Blades / Drugs
2%
Screme Eggs
2%
York Mints
2%
Double Lollies
1%
Fruit Mania
1%
Gummy Body Parts
1%
No matching quizzes found
Score Distribution
Percent of People with Each Score
Percentile by Number Answered
Your Score History
You have not taken this quiz since the last reset